000 00377nam a22001097a 4500
008 230606b xxu||||| |||| 00| 0 eng d
082 _a338.967
_bHEA
245 _aDemocracy, Governance and Economic Policy
_bSub~Saharan Africa in Comparative Perspective
_cOverseas Development Institute
260 _aLondon
_bOverseas Development Institute
_c1992
300 _a188 p
942 _2ddc
_cBK
999 _c511
_d511